01851nam a2200193 a 4500020002700000020003000027082001600057100002100073245006100094250001300155260003800168300001300206520129000219650001501509700002201524700002201546700001901568856007001587 a1405196831 (paperback) a9781405196833 (paperback) a616.079 DEL1 aDelves, Peter J.10aRoitt's essential immunology, includes desktop edition / a12th ed. a[S.l.] :bWiley-Blackwell,c2011. a560 p. ; aRoitt's Essential Immunology - the textbook of choice for students and instructors of immunology worldwide Bringing you fully up-to-date with the latest knowledge and concepts about the workings of the immune system, the hallmark easy-reading style of Roitt's Essential Immunology clearly explains the key principles needed by medical and health sciences students, from the basis of immunity to clinical applications. Beautifully presented, with brand new illustrations, the pedagogy has been strengthened throughout, and includes "just to recap..." sections at the beginning of each chapter, reminding the reader of key findings and principles, and summary sections at the end of each chapter that are ideal for quick study and revision. Also available as a FREE enhanced Wiley Desktop Edition (upon purchase of the book), Roitt's Essential Immunology is supported by a suite of online resources at www.roitt.com including:* Interactive MCQs and SBA questions for each chapter, with feedback on all answers selected* Animations and videos showing key concepts* Fully downloadable figures and illustrations, further reading and useful links* Extracts from the Encyclopaedia of Life Science* Podcasts to reinforce the key principles explained in the text: ideal for revision 'on the go' aimmunilogy1 aMartin, Seamus J.1 aBurton, Dennis R.1 aRoitt, Ivan M.40uhttp://www.amazon.com/exec/obidos/ASIN/1405196831/chopaconline-20